000 00914nam a2200217Ia 4500
001 11373
003 GE_BSU
008 181216s||||||||xx |||||||||||||| ||und||
040 _cGE_BSU
080 _a633.2/4(075.8)
100 _aანდრეევი ნ.გ.
245 _aსაკვებწარმოება ბოტანიკის საფუძვლებით
245 _bსახელმძღვ. სავეტერინარო ინსტ-სა და ფაკ-ტეტებისათვის
245 _cრედ: ა. მაყაშვილი მთარგმ. მ. მესხი
260 _aთბილისი.
260 _bსახელგამი
260 _c1956
300 _a533გვ.27სმ.ილ.
653 _aსაკვებწარმოება ბოტანიკის საფუძვლებით
942 _cBK
999 _c44570
_d44570